Solembudu Alpavirama: (Record no. 228035)
[ view plain ]
| 000 -LEADER | |
|---|---|
| fixed length control field | 02220nam a22002417a 4500 |
| 005 - DATE AND TIME OF LATEST TRANSACTION | |
| control field | 20240307152558.0 |
| 008 - FIXED-LENGTH DATA ELEMENTS--GENERAL INFORMATION | |
| fixed length control field | 230721b ||||| |||| 00| 0 eng d |
| 020 ## - INTERNATIONAL STANDARD BOOK NUMBER | |
| International Standard Book Number | 978-8184676167. |
| 040 ## - CATALOGING SOURCE | |
| Transcribing agency | AL |
| 041 ## - LANGUAGE CODE | |
| Language code of text/sound track or separate title | kan |
| 082 ## - DEWEY DECIMAL CLASSIFICATION NUMBER | |
| Edition number | 23 |
| Classification number | K894.4 |
| Item number | NEMS |
| 100 ## - MAIN ENTRY--PERSONAL NAME | |
| Personal name | Nemichandra: ನೇಮಿಚಂದ್ರ |
| 100 ## - MAIN ENTRY--PERSONAL NAME | |
| 9 (RLIN) | 153495 |
| 245 ## - TITLE STATEMENT | |
| Title | Solembudu Alpavirama: |
| Remainder of title | ಸೋಲೆಂಬುದು ಅಲ್ಪವಿರಾಮ |
| 260 ## - PUBLICATION, DISTRIBUTION, ETC. | |
| Place of publication, distribution, etc. | Bengaluru |
| Name of publisher, distributor, etc. | Navakarnataka Publications |
| Date of publication, distribution, etc. | 2021 |
| 300 ## - PHYSICAL DESCRIPTION | |
| Extent | 248p. |
| Other physical details | PB |
| Dimensions | 21x14cm. |
| 365 ## - TRADE PRICE | |
| Source of price type code | Kannada |
| Price type code | BLCR-000022 |
| Price amount | 220.00 |
| Currency code | ₹ |
| Unit of pricing | 275.00 |
| Price note | 20% |
| Price effective from | 11-07-2023 |
| 440 ## - SERIES STATEMENT/ADDED ENTRY--TITLE | |
| Title | Baduku Badalisabahudu Ankana Sankalana: ಬದುಕು ಬದಲಿಸಬಹುದು ಅಂಕಣ ಸಂಕಲನ 3 |
| 9 (RLIN) | 128005 |
| 520 ## - SUMMARY, ETC. | |
| Summary, etc. | ಸೋಲೆಂಬುದು ಏನಿದ್ದರೂ ಅಲ್ಪ ವಿರಾಮವಷ್ಟೆ. ಸೋಲಿನಾಚೆಗೂ ಒಂದು ಬದುಕು ಕಾದಿದೆ, ಅದು ಕೇವಲ ಉತ್ತಮ ಕೆಲಸ ದೊರಕಿಸಿಕೊಳ್ಳುವುದು - ಅಂಕ ಗಳಿಸುವುದು ಮಾತ್ರವಲ್ಲ. ಎದುರಾಗುವ ಅನಾರೋಗ್ಯ, ಮುಪ್ಪು, ಸಣ್ಣ ಸೋಮಾರಿತನಗಳನ್ನು ಎದುರಿಸುವುದು ಹೇಗೆ ಎನ್ನುದರ ಬಗ್ಗೆ ತಿಳಿಸುತ್ತದೆ.<br/>ಕ್ಯಾನ್ಸರ್ ಅನ್ನು ಸವಾಲಾಗಿ ಸ್ವೀಕರಿಸಿ ಮುಂದೆ ಬದುಕಲು ಅವಕಾಶ ಇದೆ ಎಂಬುದನ್ನು ತಿಳಿಸಿ ಹಾಗೂ ಬರದಂತೆ ತಡೆಗಟ್ಟುವುದಕ್ಕೆ ಹಲವು ಸಲಹೆಗಳಿವೆ. ಹಾಗೆಯೇ, ಉತ್ತಮ ಜೀವನ ಶೈಲಿ ರೂಪಿಸುವುದರ ಕುರಿತು, ತಮ್ಮ ಪಯಣದ ಹಾದಿಯಲ್ಲಿ ಸಿಕ್ಕ ‘ಅಸಾಮಾನ್ಯರ’ ಬಗ್ಗೆ ಈ ಕೃತಿ ಮಾತನಾಡುತ್ತದೆ. |
| 650 ## - SUBJECT ADDED ENTRY--TOPICAL TERM | |
| Topical term or geographic name entry element | Kannada Prose: ಕನ್ನಡ ಗದ್ಯ |
| 9 (RLIN) | 128006 |
| 650 ## - SUBJECT ADDED ENTRY--TOPICAL TERM | |
| Topical term or geographic name entry element | Reallife Incidents Articles: ನಿಜ ಜೀವನ ಆಧಾರಿತ ಬರಹಗಳು |
| 9 (RLIN) | 128007 |
| 700 ## - ADDED ENTRY--PERSONAL NAME | |
| Personal name | NEMICHANDRA: ನೇಮಿಚಂದ್ರ |
| 9 (RLIN) | 128008 |
| 942 ## - ADDED ENTRY ELEMENTS (KOHA) | |
| Source of classification or shelving scheme | Dewey Decimal Classification |
| Koha item type | Book |
| Withdrawn status | Lost status | Source of classification or shelving scheme | Damaged status | Not for loan | Collection code | Home library | Current library | Date acquired | Source of acquisition | Cost, normal purchase price | Total Checkouts | Total Renewals | Full call number | Barcode | Date last seen | Date last checked out | Cost, replacement price | Price effective from | Koha item type |
|---|---|---|---|---|---|---|---|---|---|---|---|---|---|---|---|---|---|---|---|
| Dewey Decimal Classification | Kannada | St Aloysius Library | St Aloysius Library | 07/19/2023 | Navakarnataka Publications Pvt Ltd Mangaluru 575001 | 220.00 | 3 | 1 | K894.4 NEMS | 076581 | 01/13/2026 | 01/06/2026 | 275.00 | 07/21/2023 | Book |